000 00860 a2200205 4500
001 62265
005 20260407155916.0
008 260407a1973 arg spa d
003 AR-UNSa-BCEJYS
040 _aAR-UNSa-BCEJYS
_bspa
_cAR-UNSa-BCEJYS
080 _a35.076
_xDeberes y competencias de los organismos públicos (Responsabilidad del estado)
245 1 0 _aResponsabilidad del estado
264 1 _aBuenos Aires :
_bAstrea
_c1973
300 _a191 p.
_c20 cm.
505 _a1. El Estado - 2. Indemnización y responsabilidad - 3. Responsabilidad del Estado según sus funciones - 4. Responsabilidad del Estado por los hechos y actos de guerra, motines y revoluciones - 5. Responsabilidad del Estado por planes de urbanización -
041 _aspa
942 _cBK
590 _aniveau_biblio:m niveau_hierar:0
100 1 _aAltamira Gigena, Julio Isidro
999 _c7628
_d7628